[Event "SVK-ch U18/20"]
[Site "Liptovsky Mikulas"]
[Date "2019.04.25"]
[Round "4"]
[White "Stauder, Matej"]
[Black "Hrdlicka, Martin"]
[Result "1-0"]
[WhiteElo "1971"]
[BlackElo "1543"]
[PlyCount "95"]
[EventDate "2019.04.23"]
[EventType "swiss"]
[EventRounds "9"]
[EventCountry "SVK"]
[SourceTitle "CBM 190 Extra"]
[Source "ChessBase"]
[SourceDate "2019.07.15"]
[SourceVersion "1"]
[SourceVersionDate "2019.07.15"]
[SourceQuality "1"]

1. c4 c6 2. Nf3 Nf6 3. Nc3 d5 4. e3 Nbd7 5. d4 e6 6. Qc2 a6 7. Bd3 dxc4 8. Bxc4 b5 9. Bd3 c5 10. 0-0 c4 11. Be2 Bb7 12. a4 Qb6 13. axb5 axb5 14. Rxa8+ Bxa8 15. b3 Qc6 16. bxc4 bxc4 17. Na4 e5 18. Bxc4 Bd6 19. Qa2 0-0 20. Bb2 exd4 21. Bxd4 Ne5 22. Be2 Nfg4 23. Bxe5 Bxe5 24. h3 Bh2+ 25. Kh1 Bc7 26. Qc4 Qxc4 27. Bxc4 Bxf3 28. gxf3 Ne5 29. Be2 Rd8 30. Rc1 Bd6 31. f4 Ng6 32. Nb6 Be7 33. Nc4 h6 34. Bh5 Nf8 35. Ne5 g6 36. Be2 Rd2 37. Bc4 Ne6 38. Bxe6 fxe6 39. Nxg6 Ba3 40. Rf1 Kh7 41. Ne5 Bc5 42. Kg1 Kg7 43. Rc1 Bd6 44. Nf3 Ra2 45. Rc6 Ra1+ 46. Kg2 Rd1 47. Nd4 Bxf4 48. Nxe6+ 1-0

[Event "SVK-ch U18/20"]
[Site "Liptovsky Mikulas"]
[Date "2019.04.24"]
[Round "3"]
[White "Sivcak, Matej"]
[Black "Stauder, Matej"]
[Result "0-1"]
[WhiteElo "1901"]
[BlackElo "1971"]
[PlyCount "50"]
[EventDate "2019.04.23"]
[EventType "swiss"]
[EventRounds "9"]
[EventCountry "SVK"]
[SourceTitle "CBM 190 Extra"]
[Source "ChessBase"]
[SourceDate "2019.07.15"]
[SourceVersion "1"]
[SourceVersionDate "2019.07.15"]
[SourceQuality "1"]

1. e4 c5 2. Nc3 e6 3. g3 d5 4. d3 Nc6 5. Bg2 Nge7 6. f4 g6 7. Nf3 Bg7 8. e5 a6 9. 0-0 b5 10. a4 b4 11. Ne2 h5 12. c3 Bb7 13. h3 Nf5 14. b3 bxc3 15. Nxc3 Nxg3 16. Rf2 Nb4 17. d4 Bf8 18. Kh2 Nf5 19. Ba3 a5 20. Bxb4 cxb4 21. Nb5 Bh6 22. Ng5 0-0 23. Qd2 Ba6 24. Rff1 Bxb5 25. axb5 Qb6 0-1

[Event "SVK-chT2C 1819"]
[Site "Slovakia"]
[Date "2018.10.14"]
[Round "2.7"]
[White "Taragelova, Martina"]
[Black "Stauder, Matej"]
[Result "1/2-1/2"]
[WhiteElo "1884"]
[BlackElo "1884"]
[PlyCount "108"]
[EventDate "2018.10.13"]
[EventType "team-tourn"]
[EventRounds "11"]
[EventCountry "SVK"]
[SourceTitle "CBM 187 Extra"]
[Source "ChessBase"]
[SourceDate "2018.11.04"]
[SourceVersion "1"]
[SourceVersionDate "2018.11.04"]
[SourceQuality "1"]
[WhiteTeam "Liptov Chess School III"]
[BlackTeam "Zilina Mladost II"]
[WhiteTeamCountry "SVK"]
[BlackTeamCountry "SVK"]

1. e4 c5 2. Nf3 e6 3. d4 cxd4 4. Nxd4 Nc6 5. Nc3 Qc7 6. Be2 Nf6 7. 0-0 Be7 8. Be3 0-0 9. Qd2 a6 10. f4 d6 11. Bf3 Bd7 12. Qf2 e5 13. Nxc6 Bxc6 14. f5 b5 15. g4 b4 16. g5 bxc3 17. gxf6 Bxf6 18. b3 Rab8 19. Qg2 a5 20. Kh1 Rb4 21. a3 Rbb8 22. Rg1 Kh8 23. Qg4 g6 24. Rg3 Kg7 25. Rag1 Rh8 26. Rh3 Kf8 27. fxg6 fxg6 28. Qe6 Qe7 29. Qc4 Bd7 30. Rhg3 Rc8 31. Qd3 Kf7 32. Bg2 Rhf8 33. Rf1 Kg7 34. Rgf3 Bg4 35. R3f2 Bh4 36. Rxf8 Rxf8 37. Rxf8 Qxf8 38. Qxc3 Bf3 39. Qxa5 Bxg2+ 40. Kxg2 Qc8 41. Qa7+ Kf6 42. Bf2 Qg4+ 43. Kf1 Qd1+ 44. Kg2 Qxc2 45. Qe3 Bg5 46. Qf3+ Bf4 47. a4 Qd2 48. h4 h5 49. Kh3 Ke6 50. Bg3 Kd7 51. Bf2 Kc7 52. Kg2 Kb7 53. Kf1 Qc1+ 54. Kg2 Qd2 1/2-1/2